| 000 | 01002nam0a22002891 4500 | ||
|---|---|---|---|
| 001 | rc\445352 | ||
| 005 | 20030616171339.3 | ||
| 010 |
_a5-340-00064-8 _98000 |
||
| 035 | _a(NLR Aleph) 005690833 | ||
| 090 |
_a7174064 _c7174064 |
||
| 100 | _a20030616d1988 u |0rusy50 ca | ||
| 101 | 0 | _arus | |
| 102 | _aRU | ||
| 105 | _aa ||||||||| | ||
| 200 | 1 |
_aМой дом _eСтихи _fЭдуард Скобелев _g[Худож. В. Сытченко] |
|
| 210 |
_aМинск _cМастац. лiт. _d1988 |
||
| 215 |
_a181, [1] с. _cил. _d17 |
||
| 327 | 1 | _aСодерж.: "Верно понятый век..."; Циклы: Горница; Заря в окнах | |
| 464 | 0 | _12001#$a"Верно понятый век..." | |
| 464 | 0 | _12001#$aГорница | |
| 464 | 0 | _12001#$aЗаря в окнах | |
| 700 | 1 |
_aСкобелев _bЭ. М. _f1935- _gЭдуард Мартинович |
|
| 801 | 0 |
_aRU _bNLR _gpsbo |
|
| 801 | 1 |
_aRU _bELAR _2rusmarc |
|
| 852 |
_aNLR _j88-2/1004 |
||
| 942 | _cBOOK | ||
| 980 | _aNB | ||